<?xml version="1.0" encoding="UTF-8"?>
<record
    xmlns:xsi="http://www.w3.org/2001/XMLSchema-instance"
    xsi:schemaLocation="http://www.loc.gov/MARC21/slim http://www.loc.gov/standards/marcxml/schema/MARC21slim.xsd"
    xmlns="http://www.loc.gov/MARC21/slim">

  <leader>02250nam a22003137a 4500</leader>
  <controlfield tag="003">DO-SdBNP</controlfield>
  <controlfield tag="005">20220407110556.0</controlfield>
  <controlfield tag="008">210428b2021      dr. 2021 00| 0 spa d</controlfield>
  <datafield tag="020" ind1=" " ind2=" ">
    <subfield code="a">97899450048861</subfield>
  </datafield>
  <datafield tag="040" ind1=" " ind2=" ">
    <subfield code="a">BPMSU</subfield>
    <subfield code="b">spa</subfield>
    <subfield code="c">BPMSU</subfield>
  </datafield>
  <datafield tag="082" ind1=" " ind2=" ">
    <subfield code="a">327.97293097294</subfield>
    <subfield code="b">B623H 2012</subfield>
    <subfield code="2">22</subfield>
  </datafield>
  <datafield tag="100" ind1="1" ind2=" ">
    <subfield code="a">Bissainthe, Jean Ghasmann,</subfield>
    <subfield code="d">1961-</subfield>
  </datafield>
  <datafield tag="245" ind1="1" ind2="0">
    <subfield code="a">Hait&#xED;:</subfield>
    <subfield code="b">el drama nacional /</subfield>
    <subfield code="c">Jean Ghasmann Bissainthe  ; pr&#xF3;logo Franklin J. Franco </subfield>
  </datafield>
  <datafield tag="260" ind1=" " ind2=" ">
    <subfield code="a">Santo Domingo :</subfield>
    <subfield code="b">Librer&#xED;a la Trinitaria,</subfield>
    <subfield code="c">2021.</subfield>
  </datafield>
  <datafield tag="300" ind1=" " ind2=" ">
    <subfield code="a">469 p. ;</subfield>
    <subfield code="c">23 cm.</subfield>
    <subfield code="b"> </subfield>
  </datafield>
  <datafield tag="500" ind1=" " ind2=" ">
    <subfield code="a">Incluyes datos biogr&#xE1;ficos  del autor en la solapa de la cubierta </subfield>
  </datafield>
  <datafield tag="500" ind1=" " ind2=" ">
    <subfield code="a">Incluye &#xED;ndice </subfield>
  </datafield>
  <datafield tag="504" ind1=" " ind2=" ">
    <subfield code="a">Bibliogr&#xE1;fica ; p. 457 - 469. </subfield>
  </datafield>
  <datafield tag="505" ind1=" " ind2=" ">
    <subfield code="a">Problemas geopol&#xED;ticos y demogr&#xE1;ficos ---
Los mayores sismos y sus consecuencias para Hait&#xED; --
Procedencia de los esclavos haitianos y del vod&#xFA; --
Misticismo --
Complejos de los negros --
Dimensi&#xF3;n geopol&#xED;tica de las sublevaciones esclavas --
Perfiles y creencias de los esclavos --
La naci&#xF3;n haitiana --
Conciencia y solidaridad de clase --
Estructuras mentales --
Los extranjeros vistos por los haitianos -- 
Nuevas estructuras haitianas -- 
Sexo, poder y cr&#xED;menes abyectos --
Ontolog&#xED;a haitiana -- 
Luchas raciales y sociales --
La ideolog&#xED;a indigenista --
Aspectos religiosos y m&#xE1;gicos --
Estrategias imperiales de los haitianos --
Proyectos unitarios y agrarios --
Mentalidad haitiana --
Per&#xED;odos hist&#xF3;ricos y prejuicios raciales -- 
Ambiciones neo-colonialistas de los europeos y norteamericanos -- 
Nuevas maniobras del T&#xED;o Sam --
Consecuencias de la ocupaci&#xF3;n norteamericana --
Ideolog&#xED;a de la negritud y el coca&#xED;smo --
El poder de los negros y las estrategias mulatas --
El reino de los Duvalier --
El periodo post-duvalierista
Duvalier versus Ar&#xED;stides
Nuevos dramas nacionales
Nuevas fiestas electorales.
 </subfield>
  </datafield>
  <datafield tag="590" ind1=" " ind2=" ">
    <subfield code="a">Inventario,2022/VM</subfield>
  </datafield>
  <datafield tag="651" ind1=" " ind2="4">
    <subfield code="a"> Hait&#xED;</subfield>
    <subfield code="x">Historia.</subfield>
  </datafield>
  <datafield tag="651" ind1=" " ind2="4">
    <subfield code="a">Hait&#xED; </subfield>
    <subfield code="x">Relaciones</subfield>
    <subfield code="z">Rep&#xFA;blica Dominicana.</subfield>
  </datafield>
  <datafield tag="651" ind1=" " ind2="4">
    <subfield code="a">Rep&#xFA;blica Dominicana </subfield>
    <subfield code="x">Relaciones</subfield>
    <subfield code="z">Hait&#xED;.</subfield>
  </datafield>
  <datafield tag="651" ind1=" " ind2="4">
    <subfield code="a">Hait&#xED;</subfield>
    <subfield code="x"> Condiciones sociales.</subfield>
  </datafield>
  <datafield tag="651" ind1=" " ind2="4">
    <subfield code="a">Hait&#xED;</subfield>
    <subfield code="x">Pol&#xED;tica y gobierno.</subfield>
  </datafield>
  <datafield tag="700" ind1="1" ind2=" ">
    <subfield code="a">Franco, Franklin J</subfield>
    <subfield code="e">pr&#xF3;logo </subfield>
  </datafield>
  <datafield tag="910" ind1=" " ind2=" ">
    <subfield code="a">VMateo V. </subfield>
  </datafield>
  <datafield tag="942" ind1=" " ind2=" ">
    <subfield code="2">ddc</subfield>
    <subfield code="c">BK</subfield>
  </datafield>
  <datafield tag="952" ind1=" " ind2=" ">
    <subfield code="0">0</subfield>
    <subfield code="1">0</subfield>
    <subfield code="2">ddc</subfield>
    <subfield code="4">0</subfield>
    <subfield code="7">0</subfield>
    <subfield code="8">CD</subfield>
    <subfield code="a">BPMET</subfield>
    <subfield code="b">BPMET</subfield>
    <subfield code="d">2022-04-07</subfield>
    <subfield code="e">Compra</subfield>
    <subfield code="o">BPMSU CD 327.97293097294 B623h 2012</subfield>
    <subfield code="p">BPMSU22040021</subfield>
    <subfield code="r">2022-04-07</subfield>
    <subfield code="w">2022-04-07</subfield>
    <subfield code="y">BK</subfield>
  </datafield>
  <datafield tag="999" ind1=" " ind2=" ">
    <subfield code="c">13442</subfield>
    <subfield code="d">13442</subfield>
  </datafield>
</record>
